| 000 | 01552cam a22004694i 4500 | ||
|---|---|---|---|
| 003 | PE-LiUPU | ||
| 005 | 20250731173111.0 | ||
| 008 | 181221s2017 it a rb 000 0 eng | ||
| 020 | _a8891312649 | ||
| 020 | _a9788891312648 | ||
| 035 | _a(Sirsi) a251129 | ||
| 049 | _aPRUA | ||
| 082 | 0 | 4 |
_a228.06 _bJ25 _223 |
| 100 | 1 |
_aJastrzębowska, Elżbieta. _eautor. |
|
| 245 | 1 | 0 |
_aCities of the Apocalypse / _cElzbieta Jastrzebowska. |
| 264 | 1 |
_aRoma : _bL'Erma di Bretschneider, _c2017. |
|
| 300 |
_a246 páginas : _bilustraciones ; _c24 centímetros |
||
| 336 |
_atext _2rdacontent |
||
| 337 |
_aunmediated _2rdamedia |
||
| 338 |
_avolume _2rdacarrier |
||
| 504 | _aBibliografía: páginas 219-246. | ||
| 505 | 0 | _aIntroduccion -- Ephesus -- Smyrna -- Pergamum -- Thyatira -- Sardis -- Philadelphia -- Laodicea. | |
| 526 | _aSEG42 | ||
| 526 | _aSEG41 | ||
| 526 | _aSEG40 | ||
| 526 | _aSEG39 | ||
| 526 | _aP94 | ||
| 526 | _aP87 | ||
| 526 | _aP86 | ||
| 526 | _aP85 | ||
| 526 | _aP77 | ||
| 526 | _aP76 | ||
| 526 | _aP35 | ||
| 650 | 4 | _aAntigüedades. | |
| 650 | 0 |
_aHistoria de la iglesia _xIglesia primitiva y primitiva. |
|
| 910 |
_adbm _brri _crri _d20181221 |
||
| 942 |
_2ddc _cBOOK |
||
| 994 |
_aC0 _bPEPRU |
||
| 596 | _a1 | ||
| 999 |
_a228.06 J25 _wDEWEY _c30578 _i79379 _f2021-11-9 _g4 _lCCODEBUL1 _mBUL _p150.00 _r0 _sY _tBOOK _u2018-12-21 _xTEOLOGIA _PP85 _0COMPRA _1FCOMPR2 _o.STAFF. Colección Teología _d30578 |
||
| 980 |
_81 _gALBERTO SANCHEZ Responsable de Automatización |
||